[Event "Montesilvano Adriatico op 10th"]
[Site "Montesilvano"]
[Date "2016.09.17"]
[Round "2"]
[White "Rombaldoni, Denis"]
[Black "Cafaro, Luca"]
[Result "1-0"]
[WhiteElo "2477"]
[BlackElo "2131"]
[PlyCount "87"]
[EventDate "2016.09.16"]
[EventType "swiss"]
[EventRounds "5"]
[EventCountry "ITA"]
[SourceTitle "CBM 174 Extra"]
[Source "ChessBase"]
[SourceDate "2016.10.10"]
[SourceVersion "1"]
[SourceVersionDate "2016.10.10"]
[SourceQuality "1"]

1. d4 d5 2. Bf4 Nf6 3. e3 c6 4. Bd3 Bg4 5. Ne2 e6 6. f3 Bh5 7. c4 dxc4 8. Bxc4 Bd6 9. Nbc3 Nd5 10. Bxd6 Qxd6 11. Qd2 0-0 12. e4 Nb6 13. Bb3 Na6 14. Nf4 Bg6 15. h4 h6 16. e5 Qe7 17. Nxg6 fxg6 18. Qd3 Nd5 19. Nxd5 cxd5 20. a3 Rf4 21. g3 Rf5 22. Bc2 Raf8 23. f4 Qd8 24. Qd2 R5f7 25. Bxg6 Rc7 26. 0-0 Nb8 27. Rad1 Nc6 28. Bb1 Ne7 29. g4 Qe8 30. h5 Qb5 31. Rf3 b6 32. f5 exf5 33. gxf5 Qe8 34. f6 Qxh5 35. Qd3 Qg6+ 36. Qxg6 Nxg6 37. Bxg6 gxf6 38. exf6 Rg7 39. fxg7 Rxf3 40. Kg2 Rb3 41. Rd2 Kxg7 42. Bh5 Kf6 43. Bf3 Rb5 44. b4 1-0

[Event "Etna op 2nd"]
[Site "Nicolosi"]
[Date "2015.12.05"]
[Round "2"]
[White "Cafaro, Luca"]
[Black "Morello, Guido"]
[Result "1-0"]
[WhiteElo "2161"]
[BlackElo "2048"]
[PlyCount "63"]
[EventDate "2015.12.04"]
[EventType "swiss"]
[EventRounds "7"]
[EventCountry "ITA"]
[SourceTitle "CBM 170 Extra"]
[Source "ChessBase"]
[SourceDate "2016.02.25"]
[SourceVersion "1"]
[SourceVersionDate "2016.02.25"]
[SourceQuality "1"]

1. e4 c5 2. Nf3 e6 3. d4 cxd4 4. Nxd4 a6 5. c4 Nf6 6. Nc3 Bb4 7. Qc2 0-0 8. Be2 d5 9. exd5 exd5 10. Bg5 dxc4 11. 0-0-0 Bxc3 12. Qxc3 Nbd7 13. Nf5 b5 14. Bf3 Rb8 15. Bc6 b4 16. Qd4 Qb6 17. Bxd7 Qxd4 18. Rxd4 Nxd7 19. Ne7+ Kh8 20. Nxc8 Ne5 21. Nd6 h6 22. Be3 c3 23. Bf4 Nc6 24. Rc4 b3 25. axb3 Na5 26. Rxc3 Nxb3+ 27. Kc2 Nd4+ 28. Kd3 Rb4 29. Rc4 Rxc4 30. Kxc4 Ne6 31. Bg3 Kh7 32. Ra1 1-0

[Event "Biella op 6th"]
[Site "Biella"]
[Date "2015.09.27"]
[Round "5"]
[White "Bardone, Lorenzo"]
[Black "Cafaro, Luca"]
[Result "1/2-1/2"]
[WhiteElo "2253"]
[BlackElo "2152"]
[PlyCount "151"]
[EventDate "2015.09.25"]
[EventType "swiss"]
[EventRounds "5"]
[EventCountry "ITA"]
[SourceTitle "EXT 2016"]
[Source "ChessBase"]
[SourceDate "2015.10.08"]
[SourceVersion "1"]
[SourceVersionDate "2015.10.08"]
[SourceQuality "1"]

1. e4 e5 2. Nf3 Nc6 3. Bb5 a6 4. Bxc6 dxc6 5. 0-0 Bg4 6. h3 h5 7. d3 Qf6 8. Be3 Bxf3 9. Qxf3 Qxf3 10. gxf3 0-0-0 11. Nd2 Bd6 12. Rfb1 f5 13. Nc4 f4 14. Bd2 Nf6 15. Bc3 Rde8 16. Kf1 g5 17. Ke2 g4 18. fxg4 hxg4 19. hxg4 Nxg4 20. Rg1 Reg8 21. Rh1 f3+ 22. Kd2 Rxh1 23. Rxh1 Nxf2 24. Rf1 Rg2 25. Ke1 Ng4 26. Rxf3 Rg1+ 27. Rf1 Rxf1+ 28. Kxf1 b5 29. Na5 Kd7 30. Ke2 c5 31. Be1 Nf6 32. Kf3 Be7 33. Bf2 Kd6 34. Be3 Ke6 35. Nb7 Nd7 36. c4 bxc4 37. dxc4 Kf6 38. Na5 Bd6 39. Nc6 Kg6 40. Bd2 Kf6 41. Kg4 Kg6 42. Bg5 Nb6 43. b3 Nd7 44. Be7 Kf7 45. Bd8 Kg6 46. Bh4 Nb6 47. Na5 Bf8 48. Nb7 Nd7 49. Bd8 Bd6 50. Bh4 Nb6 51. Nd8 Nd7 52. Ne6 Nf8 53. Nd8 Nd7 54. Nb7 Nb6 55. Bd8 Nc8 56. Kh4 Na7 57. Na5 Kh6 58. Bg5+ Kg6 59. Kg4 Bf8 60. Nb7 Nc6 61. Bd8 Nb4 62. a3 Nc2 63. Bxc7 Nxa3 64. Bxe5 Nb1 65. Bf4 Kf6 66. Kf3 Nc3 67. Bd2 Nb1 68. Be3 Ke5 69. Bxc5 Nd2+ 70. Ke2 Bh6 71. Kd3 Nxb3 72. Bd6+ Ke6 73. e5 Bf4 74. Ke4 Bxe5 75. Bxe5 Nd2+ 76. Kd3 1/2-1/2

[Event "Biella op 6th"]
[Site "Biella"]
[Date "2015.09.27"]
[Round "4"]
[White "Cafaro, Luca"]
[Black "Lapiccirella, Daniele"]
[Result "1/2-1/2"]
[WhiteElo "2152"]
[BlackElo "2246"]
[PlyCount "55"]
[EventDate "2015.09.25"]
[EventType "swiss"]
[EventRounds "5"]
[EventCountry "ITA"]
[SourceTitle "EXT 2016"]
[Source "ChessBase"]
[SourceDate "2015.10.08"]
[SourceVersion "1"]
[SourceVersionDate "2015.10.08"]
[SourceQuality "1"]

1. e4 c5 2. Nf3 e6 3. d4 cxd4 4. Nxd4 Nc6 5. c4 Nf6 6. Nc3 Bb4 7. Nxc6 bxc6 8. Bd3 e5 9. 0-0 0-0 10. Bd2 Qe7 11. Bg5 h6 12. Bh4 Bc5 13. Kh1 d6 14. Ne2 g5 15. Bg3 Nh5 16. Ng1 Ng7 17. Qd2 a5 18. Rad1 Qb7 19. h4 f6 20. Be2 Be6 21. Nf3 Bf7 22. Nh2 Ne6 23. Ng4 Kg7 24. Ne3 Nd4 25. Bg4 Qb4 26. Qc1 Rab8 27. Rd2 Bg6 28. Bf5 1/2-1/2

[Event "Biella op 6th"]
[Site "Biella"]
[Date "2015.09.26"]
[Round "2"]
[White "Cafaro, Luca"]
[Black "Gilevich, Artem"]
[Result "1/2-1/2"]
[WhiteElo "2152"]
[BlackElo "2408"]
[PlyCount "66"]
[EventDate "2015.09.25"]
[EventType "swiss"]
[EventRounds "5"]
[EventCountry "ITA"]
[SourceTitle "EXT 2016"]
[Source "ChessBase"]
[SourceDate "2015.10.08"]
[SourceVersion "1"]
[SourceVersionDate "2015.10.08"]
[SourceQuality "1"]

1. e4 Nc6 2. Nf3 e6 3. d4 d5 4. exd5 exd5 5. Bb5 Bd6 6. 0-0 Nge7 7. Nc3 Bg4 8. h3 Bh5 9. Bg5 f6 10. Be3 Qd7 11. Bxc6 Qxc6 12. Ne5 Bxd1 13. Nxc6 Bxc2 14. Nxe7 Kxe7 15. Nxd5+ Kd7 16. Rac1 Bg6 17. a3 Bf7 18. Nc3 c6 19. Ne4 Rae8 20. Nxd6 Kxd6 21. d5 Bxd5 22. Bxa7 Re2 23. Bc5+ Kd7 24. Bd4 Rhe8 25. Bc3 f5 26. Rfe1 R2e6 27. g3 Be4 28. Rcd1+ Kc8 29. Bxg7 b6 30. Bc3 c5 31. Bd2 Kc7 32. Bf4+ Kc6 33. Re3 Bd5 1/2-1/2

[Event "Paleochora op 8th"]
[Site "Paleochora"]
[Date "2015.07.21"]
[Round "6"]
[White "Cafaro, Luca"]
[Black "Rocchi, Federico"]
[Result "1-0"]
[WhiteElo "2239"]
[BlackElo "1859"]
[PlyCount "113"]
[EventDate "2015.07.17"]
[EventType "swiss"]
[EventRounds "9"]
[EventCountry "GRE"]
[SourceTitle "CBM 167 Extra"]
[Source "ChessBase"]
[SourceDate "2015.09.14"]
[SourceVersion "1"]
[SourceVersionDate "2015.09.14"]
[SourceQuality "1"]

1. e4 g6 2. d4 Bg7 3. Nc3 c5 4. dxc5 Bxc3+ 5. bxc3 Qa5 6. Qd4 Nf6 7. Qb4 Nc6 8. Qxa5 Nxa5 9. Bd3 0-0 10. Ne2 b6 11. cxb6 axb6 12. Bg5 Re8 13. Bxf6 exf6 14. f3 Ba6 15. Kf2 Nc4 16. Rhb1 Kg7 17. Rb4 Ne5 18. Rd4 Ra7 19. Ra4 Rea8 20. Bxa6 Rxa6 21. Rxa6 Rxa6 22. Nd4 Ra4 23. Rb1 Rxa2 24. Rxb6 h5 25. Ke2 Ra3 26. Rb3 Ra1 27. Rb7 Rg1 28. Kf2 Rd1 29. Kg3 Re1 30. h3 g5 31. h4 Rh1 32. Nf5+ Kg6 33. Rb6 Nc6 34. hxg5 Kxg5 35. f4+ Kg6 36. Nd4 Re1 37. f5+ Kg5 38. Nxc6 dxc6 39. Kf3 Rf1+ 40. Ke2 Rg1 41. Kf2 Rc1 42. Rxc6 Rxc2+ 43. Kf3 Rd2 44. c4 Rd3+ 45. Ke2 Rg3 46. Kf2 h4 47. Rc8 Rc3 48. c5 Kh6 49. c6 Kg5 50. c7 Kf4 51. Ke2 Rc2+ 52. Kd3 Rc1 53. Kd4 Rc2 54. Kd5 Rxg2 55. Rh8 Rc2 56. c8Q Rxc8 57. Rxc8 1-0

[Event "Forni di Sopra op 6th"]
[Site "Forni di Sopra"]
[Date "2015.06.16"]
[Round "4"]
[White "Bruno, Fabio"]
[Black "Cafaro, Luca"]
[Result "1-0"]
[WhiteElo "2420"]
[BlackElo "2250"]
[PlyCount "49"]
[EventDate "2015.06.13"]
[EventType "swiss"]
[EventRounds "9"]
[EventCountry "ITA"]
[SourceTitle "CBM 167 Extra"]
[Source "ChessBase"]
[SourceDate "2015.09.14"]
[SourceVersion "1"]
[SourceVersionDate "2015.09.14"]
[SourceQuality "1"]

1. d4 d5 2. c4 c6 3. Nf3 Nf6 4. e3 e6 5. b3 Nbd7 6. Bb2 Bd6 7. Nbd2 0-0 8. Bd3 Re8 9. Ne5 Qc7 10. f4 b6 11. 0-0 Bb7 12. Rc1 c5 13. cxd5 exd5 14. Qe2 Rac8 15. Ndf3 Ne4 16. Bb5 Bxe5 17. Nxe5 Nef6 18. dxc5 bxc5 19. Nxd7 Nxd7 20. Qg4 g6 21. Bxd7 f5 22. Bxf5 Rcd8 23. Bxg6 hxg6 24. Qxg6+ Kf8 25. Qh6+ 1-0

[Event "Forni di Sopra op 6th"]
[Site "Forni di Sopra"]
[Date "2015.06.14"]
[Round "2"]
[White "Antal, Gergely"]
[Black "Cafaro, Luca"]
[Result "1-0"]
[WhiteElo "2505"]
[BlackElo "2250"]
[PlyCount "101"]
[EventDate "2015.06.13"]
[EventType "swiss"]
[EventRounds "9"]
[EventCountry "ITA"]
[SourceTitle "CBM 167 Extra"]
[Source "ChessBase"]
[SourceDate "2015.09.14"]
[SourceVersion "1"]
[SourceVersionDate "2015.09.14"]
[SourceQuality "1"]

1. e4 e5 2. Nf3 Nc6 3. Bc4 Nf6 4. Ng5 d5 5. exd5 Na5 6. Bb5+ c6 7. dxc6 bxc6 8. Bd3 Ng4 9. Ne4 f5 10. Be2 h5 11. h3 fxe4 12. hxg4 Bc5 13. b4 Qd4 14. bxc5 0-0 15. 0-0 Qxa1 16. Nc3 e3 17. gxh5 exf2+ 18. Rxf2 Rxf2 19. Kxf2 Be6 20. Ba3 Qxd1 21. Bxd1 Nc4 22. Bc1 Rb8 23. d3 Na5 24. Bf3 Nb7 25. Ba3 Nd8 26. Ke3 Kf7 27. g4 Kf6 28. Bc1 Ke7 29. a3 Nf7 30. Kf2 Kd7 31. Kg3 Nd8 32. g5 Bf5 33. Nd1 Rb1 34. Bd2 Be6 35. g6 Ke7 36. Bg5+ Ke8 37. Bd2 Ke7 38. Bc3 Kf6 39. d4 Rc1 40. dxe5+ Ke7 41. Ne3 Rg1+ 42. Bg2 Kd7 43. Kf2 Rc1 44. Be4 Nb7 45. Bd4 Nd8 46. Nf5 Bxf5 47. Bxf5+ Ne6 48. h6 Rb1 49. h7 Rb8 50. Be3 Rf8 51. Ke2 1-0

[Event "Rilton Cup 44th"]
[Site "Stockholm"]
[Date "2014.12.30"]
[Round "4"]
[White "Kvisvik, Brede Alexander"]
[Black "Cafaro, Luca"]
[Result "1-0"]
[WhiteElo "2275"]
[BlackElo "2054"]
[PlyCount "71"]
[EventDate "2014.12.27"]
[EventType "swiss"]
[EventRounds "9"]
[EventCountry "SWE"]
[SourceTitle "CBM 164 Extra"]
[Source "ChessBase"]
[SourceDate "2015.03.02"]
[SourceVersion "1"]
[SourceVersionDate "2015.03.02"]
[SourceQuality "1"]

1. d4 d5 2. c4 e6 3. Nf3 Nf6 4. g3 c6 5. Bg2 Nbd7 6. 0-0 Bd6 7. Nfd2 0-0 8. Nc3 Bc7 9. e4 dxe4 10. Ndxe4 e5 11. d5 cxd5 12. cxd5 Nxe4 13. Nxe4 Bb6 14. Bg5 f6 15. Bd2 f5 16. Bg5 Qe8 17. Nd6 Qg6 18. Be7 f4 19. Be4 Qh6 20. Bxf8 Nxf8 21. Nxc8 Rxc8 22. Rc1 fxg3 23. hxg3 Rd8 24. Qg4 Rd6 25. Rc8 Bd8 26. Bf5 Qf6 27. Be6+ Kh8 28. Qb4 Rb6 29. Qh4 g5 30. Qa4 Rxb2 31. Qe8 Be7 32. Rc7 Bd6 33. Rf7 Qh6 34. Kg2 Bc5 35. Rh1 Qg6 36. Rxf8+ 1-0

[Event "Rilton Cup 44th"]
[Site "Stockholm"]
[Date "2014.12.28"]
[Round "2"]
[White "Cafaro, Luca"]
[Black "Lissang, Christopher"]
[Result "0-1"]
[WhiteElo "2054"]
[BlackElo "2273"]
[PlyCount "124"]
[EventDate "2014.12.27"]
[EventType "swiss"]
[EventRounds "9"]
[EventCountry "SWE"]
[SourceTitle "CBM 164 Extra"]
[Source "ChessBase"]
[SourceDate "2015.03.02"]
[SourceVersion "1"]
[SourceVersionDate "2015.03.02"]
[SourceQuality "1"]

1. e4 c5 2. Nf3 d6 3. d4 cxd4 4. Nxd4 Nf6 5. Nc3 Nc6 6. Be2 e5 7. Nf3 Be7 8. 0-0 0-0 9. Re1 h6 10. h3 Be6 11. Bf1 Rc8 12. Nh2 d5 13. exd5 Nxd5 14. Nxd5 Qxd5 15. Qxd5 Bxd5 16. c3 f5 17. Bb5 e4 18. c4 Be6 19. Bxc6 Rxc6 20. b3 a5 21. f3 a4 22. fxe4 fxe4 23. Be3 Bh4 24. Red1 Ra8 25. Nf1 Bf6 26. Rab1 axb3 27. axb3 Rcc8 28. Rd6 Ra6 29. Rbd1 Be5 30. Rxa6 bxa6 31. Nd2 Rd8 32. Kf2 Rd3 33. Ke2 a5 34. Rc1 Bd7 35. c5 Bc6 36. Nc4 Bc7 37. Bd2 Bb5 38. Rc3 Rxc3 39. Bxc3 a4 40. Ke3 axb3 41. Nd2 Ba4 42. Nxe4 Kf7 43. g4 g6 44. Bb2 Ke6 45. Nc3 Bc6 46. Kd3 g5 47. Nd1 Bg2 48. Ne3 Bxh3 49. Nf5 Bxg4 50. Nxh6 Bf3 51. Kc3 Bd5 52. Ng4 Bf4 53. Kd3 Bf3 54. Ne3 g4 55. Nc4 Kd5 56. Nd2 Bd1 57. Nf1 Kxc5 58. Nd2 Kd5 59. Nf1 Bc2+ 60. Ke2 Ke4 61. Kf2 Kd3 62. Ke1 g3 0-1

[Event "Paleochora op 7th"]
[Site "Paleochora"]
[Date "2014.07.24"]
[Round "5"]
[White "Cafaro, Luca"]
[Black "Jens, Jelmer"]
[Result "1/2-1/2"]
[WhiteElo "2026"]
[BlackElo "2394"]
[PlyCount "97"]
[EventDate "2014.07.21"]
[EventType "swiss"]
[EventRounds "9"]
[EventCountry "GRE"]
[SourceTitle "CBM 161 Extra"]
[Source "ChessBase"]
[SourceDate "2014.08.29"]
[SourceVersion "1"]
[SourceVersionDate "2014.08.29"]
[SourceQuality "1"]

1. e4 c5 2. Nf3 d6 3. d4 cxd4 4. Nxd4 Nf6 5. Nc3 Nc6 6. Be2 e5 7. Nb3 Be7 8. 0-0 0-0 9. Kh1 a5 10. a4 Be6 11. f4 Nb4 12. f5 Bd7 13. Bf3 Bc6 14. Qe2 Qc7 15. Bg5 Rfd8 16. Rad1 Rd7 17. Bxf6 Bxf6 18. Nb5 Qd8 19. c3 Na6 20. Qc4 Nc7 21. Nxc7 Rxc7 22. Na1 Rb8 23. Rf2 Qd7 24. Qa2 Bg5 25. c4 Qe7 26. b3 g6 27. g4 Be3 28. Rg2 Qg5 29. Qe2 Bc5 30. Nc2 Kh8 31. Qd2 Qh4 32. Qe1 Qxe1+ 33. Nxe1 gxf5 34. gxf5 Rg8 35. Rxg8+ Kxg8 36. Nd3 Be3 37. Ne1 Bd4 38. Rd3 Kg7 39. Nc2 Bc5 40. h4 Bf2 41. Rxd6 Bxh4 42. Ne3 Rd7 43. Rxd7 Bxd7 44. Kg2 Be1 45. Nd5 Kh6 46. Nf6 Bc6 47. Ng4+ Kg5 48. Nxe5 f6 49. Nd3 1/2-1/2

[Event "Palmi op 5th"]
[Site "Palmi"]
[Date "2012.01.04"]
[Round "5"]
[White "Cafaro, Luca"]
[Black "Cordi, Domenico"]
[Result "0-1"]
[WhiteElo "1890"]
[BlackElo "2059"]
[PlyCount "74"]
[EventDate "2012.01.02"]
[EventType "swiss"]
[EventRounds "9"]
[EventCountry "ITA"]
[SourceTitle "CBM 146 Extra"]
[Source "ChessBase"]
[SourceDate "2012.02.29"]
[SourceVersion "1"]
[SourceVersionDate "2012.02.29"]
[SourceQuality "1"]

1. e4 c5 2. Nf3 d6 3. d4 cxd4 4. Nxd4 Nf6 5. Nc3 a6 6. Be3 e5 7. Nb3 Be7 8. f3 Qc7 9. Qd2 Be6 10. 0-0-0 0-0 11. g4 Rc8 12. h4 d5 13. g5 d4 14. gxf6 dxc3 15. Qxc3 Qxc3 16. bxc3 Bxf6 17. Kb2 Nd7 18. Bh3 Bxh3 19. Rxh3 Rc7 20. Rh2 Rac8 21. Rd3 h5 22. Rhd2 Nf8 23. Na5 Ne6 24. Bb6 Re7 25. Rd7 Rxd7 26. Rxd7 Bxh4 27. Rxb7 Be1 28. c4 h4 29. Rd7 Rb8 30. Rb7 Rxb7 31. Nxb7 Nd4 32. c5 h3 33. c6 Nxc6 34. Bg1 Bg3 35. Nc5 Bf2 36. Bh2 Bxc5 37. Kc3 Be3 0-1

[Event "Palmi op 5th"]
[Site "Palmi"]
[Date "2012.01.03"]
[Round "3"]
[White "Furnari, Franco"]
[Black "Cafaro, Luca"]
[Result "0-1"]
[WhiteElo "1910"]
[BlackElo "1890"]
[PlyCount "80"]
[EventDate "2012.01.02"]
[EventType "swiss"]
[EventRounds "9"]
[EventCountry "ITA"]
[SourceTitle "CBM 146 Extra"]
[Source "ChessBase"]
[SourceDate "2012.02.29"]
[SourceVersion "1"]
[SourceVersionDate "2012.02.29"]
[SourceQuality "1"]

1. e4 e5 2. Nf3 Nc6 3. Bc4 Nf6 4. Nc3 Nxe4 5. Nxe4 d5 6. Bxd5 Qxd5 7. Nc3 Qd8 8. d3 Bb4 9. Bd2 Bg4 10. h3 Bh5 11. g4 Bg6 12. 0-0 Qd7 13. a3 Bd6 14. Nh2 h5 15. Kg2 0-0-0 16. Ne4 f5 17. Nxd6+ Qxd6 18. g5 h4 19. Rg1 Bh5 20. Qe1 Nd4 21. Rc1 Qc6+ 22. f3 Bxf3+ 23. Nxf3 Nxf3 24. Qe3 Nxg1+ 25. Kxg1 Qb6 26. Qxb6 axb6 27. Bc3 Rhe8 28. Re1 Rd5 29. Kf2 g6 30. Ke3 Kd7 31. Kf3 e4+ 32. dxe4 fxe4+ 33. Kg4 e3 34. Re2 Rf5 35. Kxh4 Re4+ 36. Kg3 Rxg5+ 37. Kf3 Re8 38. h4 Rf5+ 39. Kg3 Re4 40. b3 Ke6 0-1

[Event "Palmi op 5th"]
[Site "Palmi"]
[Date "2012.01.02"]
[Round "2"]
[White "Cafaro, Luca"]
[Black "Rotunno, Giuseppe"]
[Result "1/2-1/2"]
[WhiteElo "1890"]
[BlackElo "2026"]
[PlyCount "177"]
[EventDate "2012.01.02"]
[EventType "swiss"]
[EventRounds "9"]
[EventCountry "ITA"]
[SourceTitle "CBM 146 Extra"]
[Source "ChessBase"]
[SourceDate "2012.02.29"]
[SourceVersion "1"]
[SourceVersionDate "2012.02.29"]
[SourceQuality "1"]

1. e4 d6 2. d4 e5 3. dxe5 dxe5 4. Qxd8+ Kxd8 5. Nf3 Nc6 6. Bb5 Bd6 7. 0-0 h6 8. Be3 Nf6 9. Nc3 Be6 10. Rad1 Ke7 11. Nd5+ Bxd5 12. exd5 Nb4 13. c4 a6 14. Ba4 b5 15. Bb3 bxc4 16. Bxc4 a5 17. Rfe1 Nc2 18. Re2 Nxe3 19. Rxe3 Nd7 20. b3 Kd8 21. Bb5 f6 22. Nh4 Rb8 23. Ba4 Rb6 24. Rc3 Nc5 25. Bc6 Ne4 26. Rc4 Rb4 27. f3 Nc5 28. g3 Nd7 29. Nf5 g6 30. Nxd6 cxd6 31. Bxd7 Rxc4 32. bxc4 Kxd7 33. Rb1 Kc7 34. Rb5 Ra8 35. c5 dxc5 36. Rxc5+ Kb7 37. Kf2 a4 38. a3 Rc8 39. Rxc8 Kxc8 40. Ke3 f5 41. h3 Kd7 42. Kd3 Kd6 43. Kc4 g5 44. g4 f4 45. Kc3 Kxd5 46. Kd3 Kd6 47. Kd2 Kc6 48. Kc2 Kb6 49. Kd2 Ka6 50. Kc2 Ka5 51. Kd2 Kb5 52. Kd3 Kc6 53. Kc2 Kc7 54. Kc1 Kc8 55. Kc2 Kd8 56. Kc1 Ke8 57. Kd1 Kf8 58. Ke1 Kf7 59. Kd1 Kf6 60. Ke2 Ke6 61. Kd2 Kd7 62. Kc2 e4 63. fxe4 Kc6 64. Kd2 Kb6 65. Kc2 Kb5 66. Kd3 Kc6 67. Kd2 Kb6 68. Kc2 Kb5 69. Kd3 Kc5 70. Kc3 Kd6 71. Kd2 Ke6 72. Ke2 Kf6 73. Kd2 Kg6 74. Ke2 h5 75. gxh5+ Kxh5 76. Kf3 Kg6 77. Ke2 Kf6 78. Kd2 Ke6 79. Kc2 Kd6 80. Kd2 Kc6 81. Kc2 Kb5 82. Kd3 Kc5 83. Kc3 Kd6 84. Kd2 Ke6 85. Ke2 Ke5 86. Kd3 f3 87. Ke3 f2 88. Kxf2 Kxe4 89. Ke2 1/2-1/2

[Event "Porto San Giorgio op 23rd"]
[Site "Porto San Giorgio"]
[Date "2011.08.23"]
[Round "4"]
[White "Sorbera, Giovanni"]
[Black "Cafaro, Luca"]
[Result "1-0"]
[WhiteElo "2197"]
[BlackElo "1774"]
[PlyCount "92"]
[EventDate "2011.08.21"]
[EventType "swiss"]
[EventRounds "9"]
[EventCountry "ITA"]
[SourceTitle "CBM 144 Extra"]
[Source "ChessBase"]
[SourceDate "2011.10.28"]
[SourceVersion "1"]
[SourceVersionDate "2011.10.28"]
[SourceQuality "1"]

1. e4 e5 2. Nf3 Nc6 3. Bb5 a6 4. Ba4 Nf6 5. 0-0 Nxe4 6. Re1 Nc5 7. Bxc6 dxc6 8. Nxe5 Be6 9. Qf3 Be7 10. d4 Qxd4 11. Nxc6 Qf6 12. Ne5 Qxf3 13. Nxf3 0-0-0 14. Be3 Bd5 15. Nd4 Ne6 16. Nxe6 Bxe6 17. Nd2 Bf6 18. c3 Rhe8 19. Ne4 Be5 20. f4 Bd6 21. Nxd6+ Rxd6 22. Bd4 g6 23. b4 b6 24. a4 Red8 25. a5 b5 26. Kf2 Kb7 27. Rad1 R8d7 28. h3 Rd8 29. g4 R8d7 30. Kg3 Rd5 31. Rc1 Kc8 32. Re3 R5d6 33. Rce1 c6 34. Re5 Rd5 35. Kh4 h6 36. Kg3 Rxe5 37. Rxe5 Rd5 38. Re3 Kd7 39. Bg7 h5 40. Kh4 hxg4 41. hxg4 Rd1 42. Kg5 Rd5+ 43. Be5 Ke7 44. Kh4 Rd1 45. Bd4 Rh1+ 46. Kg5 Rg1 1-0

[Event "EU-ch U12"]
[Site "Batumi"]
[Date "2010.09.23"]
[Round "4"]
[White "Tutisani, Noe"]
[Black "Cafaro, Luca"]
[Result "1-0"]
[WhiteElo "1991"]
[BlackElo "1794"]
[PlyCount "81"]
[EventDate "2010.09.20"]
[EventType "swiss"]
[EventRounds "9"]
[EventCountry "GEO"]
[SourceTitle "CBM 138 Extra"]
[Source "ChessBase"]
[SourceDate "2010.10.29"]
[SourceVersion "1"]
[SourceVersionDate "2010.10.29"]
[SourceQuality "1"]

1. d4 e6 2. e4 d5 3. Nd2 Nf6 4. e5 Nfd7 5. Bd3 c5 6. c3 Nc6 7. Ne2 Be7 8. 0-0 0-0 9. f4 Qb6 10. Nf3 cxd4 11. cxd4 f6 12. Kh1 fxe5 13. fxe5 Ndb8 14. a3 Bd7 15. b4 a6 16. Bb2 Na7 17. Qc2 h6 18. Qd2 Be8 19. Nf4 Nd7 20. Ng6 Bxg6 21. Bxg6 Rac8 22. Rad1 Nb5 23. Bb1 Rf7 24. Qd3 Nf8 25. Nd2 Rxf1+ 26. Rxf1 Bg5 27. Nb3 Be7 28. Qf3 Qd8 29. Nc5 Bxc5 30. bxc5 Qe7 31. a4 Na7 32. Bc1 Nc6 33. Qg4 Kh8 34. Bd2 Qe8 35. Bd3 Qe7 36. Rf3 Nd8 37. Qh5 Nc6 38. Rf7 Qe8 39. Bxh6 Nh7 40. Bxg7+ Kg8 41. Bxh7# 1-0